1549 1855 1457 1189 1541 1511 1375 1927 1148 1286 1588 1341 1254 1521 1216 1415 1865 1216 1633 1497 1335 1845 1158 1482 1079 1158 1183 1354 1822 1692 1932 1805 1376 1117 1426 1183 1623 1470 1800 1088 1720 1547 1747 1342 1777 1607 1141 1505 1431 1526 1237 1617 1737 1642 1039 1415 1978 1663 1863 1292 1039 1348 1309 1697 1476 1597 1932 1574 1302 1203 1948 1100 1580 1649 1769 1082 1841 1988 1284 1891 1908 1474 1703 1506 1265 1346 1328 1137 1210 1351 1729 1786 1865 1720 1458 1911 1099 1204 1433 BCNSPRNW ULIB Ver.6.0+V

เปลี่ยนเป็นภาษาไทย

Change to English
 แสดงรายละเอียดบรรณานุกรม
  กลับหน้าหลัก

Brief Record : Get Marc (ISO 2709) : E-mail record : QR code < ปิดหน้าต่าง
LEADER : 00000nam 2200000uu 4500
001    13399123252
003     ULIB
008    140807s2554||||th 000 0 tha d
020    ^a9786165001915
090    ^aนว^bร147น
100 0  ^aร่มแก้ว
245 10 ^aในม่านเมฆ /^cร่มแก้ว
250    ^aพิมพ์ครั้งที่ 1
260    ^aกรุงเทพฯ :^bพิมพ์คำ,^c2554
300    ^a359 หน้า ;^c21 ซม.
490 1  ^aชุดลูกไม้ของพ่อ
650  4 ^aนวนิยายไทย
830  0 ^aชุดลูกไม้ของพ่อ
945    ^p230^l0^i034551
999    ^aเกษร โพธิ์สุวรรณ
รายการนี้ยังไม่มีแท็ก
คุณยังไม่ได้ล็อกอิน คุณสามารถมีกิจกรรมร่วมกับเว็บไซต์ได้ แต่ต้องล็อกอินก่อน ::
  ล็อกอิน

รายการสื่อสารสนเทศ

ลำดับที่ ประเภท เลขเรียก/บาร์โค้ด สถานที่ สถานะ
1. นวนิยาย
นวนิยาย
นว ร147น ฉ.1 
  Barcode: 034551
ห้องสมุดวิทยาเขตนครสวรรค์
►นวนิยาย:l:Fiction
บนชั้น
Note:อภินันทนาการโดย อาจารย์จุฑารัตน์ สว่างชัย

รายการใกล้เคียง
    ผู้แต่ง [ร่มแก้ว]

    หัวเรื่อง [นวนิยายไทย]

BibComment


ยังไม่เคยถูกคอมเมนท์

คอมเมนท์ทรัพยากรรายการนี้
  คอมเมนท์: ในม่านเมฆ ร่มแก้ว


 Copyright 2026. Bcnsprnw @Library